Physiology/ (Record no. 9523)

MARC details
000 -LEADER
fixed length control field 00483nam a22001937a 4500
003 - CONTROL NUMBER IDENTIFIER
control field OSt
005 - DATE AND TIME OF LATEST TRANSACTION
control field 20250922134226.0
008 - FIXED-LENGTH DATA ELEMENTS--GENERAL INFORMATION
fixed length control field 250922b |||||||| |||| 00| 0 eng d
040 ## - CATALOGING SOURCE
Transcribing agency MUST
082 ## - DEWEY DECIMAL CLASSIFICATION NUMBER
Classification number QT4 S48p 1976
100 ## - MAIN ENTRY--PERSONAL NAME
Personal name Selkurk, Ewalt E
9 (RLIN) 19388
245 ## - TITLE STATEMENT
Title Physiology/
Statement of responsibility, etc. edited by Ewald E. Selkurt
250 ## - EDITION STATEMENT
Edition statement 21 ed.
260 ## - PUBLICATION, DISTRIBUTION, ETC. (IMPRINT)
Place of publication, distribution, etc. Boston:
Name of publisher, distributor, etc. Little Brown .
Date of publication, distribution, etc. 1976
300 ## - PHYSICAL DESCRIPTION
Extent 879p.
Dimensions 23cm
504 ## - BIBLIOGRAPHY, ETC. NOTE
Bibliography, etc includes indexes
650 ## - SUBJECT ADDED ENTRY--TOPICAL TERM
Source of heading or term Physiology
942 ## - ADDED ENTRY ELEMENTS (KOHA)
Source of classification or shelving scheme Other/Generic Classification Scheme
Koha item type Open Shelf
Holdings
Withdrawn status Lost status Source of classification or shelving scheme Damaged status Not for loan Home library Current library Date acquired Source of acquisition Inventory number Total Checkouts Full call number Barcode Date last seen Price effective from Koha item type
    Other/Generic Classification Scheme     MUST Main Library MUST Main Library 22/09/2025 Purchase 94/6948   QT4 S48p 1976 2025-0038 22/09/2025 22/09/2025 Open Shelf